ARRUPE JESUIT UNIVERSITY

CORONAVIRUS -STOP THE SPREAD - CLEAN,DISINFECT,COVER

Dictionnaire des rites. (Record no. 127412)

MARC details
000 -LEADER
fixed length control field 01243cam a2200313 a 4500
001 - CONTROL NUMBER
control field 974429
003 - CONTROL NUMBER IDENTIFIER
control field ARRUPE
005 - DATE AND TIME OF LATEST TRANSACTION
control field 20180117082549.0
008 - FIXED-LENGTH DATA ELEMENTS--GENERAL INFORMATION
fixed length control field 850228m19841992cg d 001 0 fre
010 ## - LIBRARY OF CONGRESS CONTROL NUMBER
LC control number 85123925
040 ## - CATALOGING SOURCE
Original cataloging agency DLC
Transcribing agency DLC
Modifying agency DLC
043 ## - GEOGRAPHIC AREA CODE
Geographic area code f-cg---
050 00 - LIBRARY OF CONGRESS CALL NUMBER
Classification number REF. GN654
Item number .D53 1984 vol. 1
082 00 - DEWEY DECIMAL CLASSIFICATION NUMBER
Classification number 306/.03/41
Edition number 19
300 ## - PHYSICAL DESCRIPTION
Dimensions 24 cm.
245 00 - TITLE STATEMENT
Title Dictionnaire des rites.
Statement of responsibility, etc Herman Hochegger (ed.)
260 ## - PUBLICATION, DISTRIBUTION, ETC. (IMPRINT)
Place of publication, distribution, etc Bandundu, Zaïre :
Name of publisher, distributor, etc CEEBA,
Date of publication, distribution, etc c1984-89.
300 ## - PHYSICAL DESCRIPTION
Extent 20 v. ;
490 1# - SERIES STATEMENT
Series statement Publications / CEEBA. Série I ;
Volume number/sequential designation vol. 8-28
500 ## - GENERAL NOTE
General note "Sous la direction de Hermann Hochegger"--V. 1, p. [5]
500 ## - GENERAL NOTE
General note Vols. 14-20 have ed. statement: Ed. jubilaire 25 ans CEEBA, 1965-1990.
500 ## - GENERAL NOTE
General note Includes indexes.
650 #0 - SUBJECT ADDED ENTRY--TOPICAL TERM
Topical term or geographic name as entry element Rites and ceremonies
Geographic subdivision Congo (Democratic Republic)
General subdivision Dictionaries
-- French.
9 (RLIN) 38516
650 #0 - SUBJECT ADDED ENTRY--TOPICAL TERM
Topical term or geographic name as entry element Ethnology
Geographic subdivision Congo (Democratic Republic)
General subdivision Dictionaries
-- French.
9 (RLIN) 38517
650 #0 - SUBJECT ADDED ENTRY--TOPICAL TERM
Topical term or geographic name as entry element Yanzi (African people)
General subdivision Rites and ceremonies
-- Dictionaries
-- French.
9 (RLIN) 38518
651 #0 - SUBJECT ADDED ENTRY--GEOGRAPHIC NAME
Geographic name Congo (Democratic Republic)
General subdivision Social life and customs
-- Dictionaries
-- French.
9 (RLIN) 38519
700 1# - ADDED ENTRY--PERSONAL NAME
Personal name Hochegger, Hermann.
9 (RLIN) 38498
830 #0 - SERIES ADDED ENTRY--UNIFORM TITLE
Uniform title Publications (Ceeba).
Number of part/section of a work Série I ;
Volume number/sequential designation v. 8-28.
9 (RLIN) 38520
906 ## - LOCAL DATA ELEMENT F, LDF (RLIN)
a 7
b cbc
c orignew
d 2
e ncip
f 19
g y-gencatlg
942 ## - ADDED ENTRY ELEMENTS (KOHA)
Source of classification or shelving scheme Library of Congress Classification
Koha item type Monograph ( Printed materials)
Holdings
Withdrawn status Lost status Source of classification or shelving scheme Damaged status Not for loan Collection code Home library Current library Shelving location Date acquired Total Checkouts Full call number Barcode Date last seen Price effective from Koha item type
    Library of Congress Classification     REFERENCE ARRUPE LIBRARY ARRUPE LIBRARY REFERENCE 17/01/2018   REF. GN654 .D53 1984 vol. 1 46600001207 17/01/2018 17/01/2018 REFERENCE
    Library of Congress Classification     REFERENCE ARRUPE LIBRARY ARRUPE LIBRARY REFERENCE 17/01/2018   REF. GN654 .D53 1984 vol. 2 46600001208 17/01/2018 17/01/2018 REFERENCE
    Library of Congress Classification     REFERENCE ARRUPE LIBRARY ARRUPE LIBRARY REFERENCE 17/01/2018   REF. GN654 .D53 1984 vol. 3 46600000873 17/01/2018 17/01/2018 REFERENCE
    Library of Congress Classification     REFERENCE ARRUPE LIBRARY ARRUPE LIBRARY REFERENCE 17/01/2018   REF. GN654 .D53 1984 vol. 4 46600000874 17/01/2018 17/01/2018 REFERENCE
    Library of Congress Classification     REFERENCE ARRUPE LIBRARY ARRUPE LIBRARY REFERENCE 17/01/2018   REF. GN654 .D53 1984 vol. 5 46600000875 17/01/2018 17/01/2018 REFERENCE
    Library of Congress Classification     REFERENCE ARRUPE LIBRARY ARRUPE LIBRARY REFERENCE 17/01/2018   REF. GN654 .D53 1984 vol. 6 46600000876 17/01/2018 17/01/2018 REFERENCE
    Library of Congress Classification     REFERENCE ARRUPE LIBRARY ARRUPE LIBRARY REFERENCE 17/01/2018   REF. GN654 .D53 1984 vol. 7 46600000877 17/01/2018 17/01/2018 REFERENCE
    Library of Congress Classification     REFERENCE ARRUPE LIBRARY ARRUPE LIBRARY REFERENCE 17/01/2018   REF. GN654 .D53 1984 vol. 8 46600000878 17/01/2018 17/01/2018 REFERENCE
    Library of Congress Classification     REFERENCE ARRUPE LIBRARY ARRUPE LIBRARY REFERENCE 17/01/2018   REF. GN654 .D53 1984 vol. 9 46600000879 17/01/2018 17/01/2018 REFERENCE
    Library of Congress Classification     REFERENCE ARRUPE LIBRARY ARRUPE LIBRARY REFERENCE 17/01/2018   REF. GN654 .D53 1984 vol. 11 46600000880 17/01/2018 17/01/2018 REFERENCE

 

Arrupe Library. PO Box MP320 Mt Pleasant, Harare, Zimbabwe
263 242 745411|librarian@aju.ac.zw